000 00550nam a2200229 a 4500
001 nice12345678
003 IN_TiNIC
005 20260116012646.0
008 050524s0000 sera grp 000 0 eng
020 _a
_c100
082 0 0 _a027
_bSER
245 _aCarey Library
260 _aSerampore
_bSerampore College
_c0000
300 _a11p
500 _aincludes index and biblioraphy
505 2 _aIndex
650 _aManuscripts-Library-Catalogue
710 2 _aSerampore College Council
902 _bSRS
942 _cBK
999 _c7837
_d7837